Statistiken für Pokemon Quiz für Fortgeschrittene

Klicken Sie hier um das Quiz zu spielen!

Allgemein

  • Dieses Quiz wurde 1.050 mal gespielt
  • Das Durchschnittsergebnis liegt bei 19 aus 30

Antwortstatistiken

Aus welcher Genereation kommtHintAntwort% Korrekt
Aus welcher Generation kommtSandan1
98%
Aus welcher Generation kommtNasgnet3
98%
Aus welcher Generation kommtFlunkifer3
98%
Aus welcher Generation kommtVesprit4
97%
Aus welcher Generation kommtPyroleo6
97%
Dieses Pokemon ist bekannt dafürGott aller PokemonArceus
92%
Diese Pokemon Edition aus der Hauptreihe ist besondersErste Editionen der HauptreiheGrüne / Rote Edition
88%
Dieses Pokemon ist bekannt dafürPasst seine Form und Typ an das Wetter anFormeo
81%
Diese Pokemon-Typen sind besondersImmun gegenüber Elektro AttackenBoden
78%
Diese Pokemon-Typen sind besondersWurde in der 6.Generation neu eingeführtFee
78%
Diese Pokemon-Typen sind besondersEs existieren die meisten PokemonWasser
77%
Diese Pokemon-Typen sind besondersPokemon mit diesem Typ können nicht paralysiert werdenElektro
76%
Diese Pokemon Edition aus der Hauptreihe ist besondersErstmals ein Tag/Nacht ZyklusGoldene / Silberne Edition
74%
Diese Pokemon Edition aus der Hauptreihe ist besondersDie meisten neuen Pokemon wurden eingeführtSchwarze / Weiße Edition
67%
Diese Attacke ist vom TypSchaumserenadeWasser
65%
Diese Attacke ist vom TypKönigsschildStahl
58%
Dieses Pokemon ist bekannt dafürEs gibt 4.294.967.296 Möglichkeiten für sein AussehenPandir
57%
Dieses Pokemon erlernt durch LevelaufstiegGeschenkBotogel
56%
Dieses Pokemon erlernt durch LevelaufstiegWeicheiChaneira
56%
Diese Attacke ist vom TypKraftabsorberPflanze
56%
Diese Attacke ist vom TypMystoschwertKampf
55%
Dieses Pokemon ist bekannt dafürEntwickelt sich nur wenn man seinen Nintendo DS auf den Kopf stelltIscalar
46%
Dieses Pokemon erlernt durch LevelaufstiegGeschwätzPlaudagei
46%
Diese Pokemon-Typen sind besondersEs existierten die meisten Pokemon (Gen. 1)Gift
43%
Dieses Pokemon ist bekannt dafürSollte Maskotchen anstatt Pikachu werden, war aber zu weiblichPiepi
42%
Diese Attacke ist vom TypNaturzornFee
39%
Dieses Pokemon ist bekannt dafürBesitzt aufgrund seiner Fähigkeit die meisten ImmunitätenNinjatom
34%
Dieses Pokemon erlernt durch LevelaufstiegStakkatoOwei
30%
Dieses Pokemon erlernt durch LevelaufstiegFeuerreigenRamoth
29%
Dieses Pokemon ist bekannt dafürKann als einziges Pokemon keine Normalattacke erlernenHornliu
10%

Verteilung der Resultate

Perzentil nach korrekt beantworteten Fragen

Anzahl Personen mit jedem Resultat

Ihre Resultats-Entwicklung

Sie haben dieses Quiz noch nicht gespielt